000 01251nam a22002297a 4500
003 JO-AjAnu
005 20240327113745.0
008 240326b jo ||||| |||| 00| 0 ara d
040 _aJO-AjAnu
_bara
_cJO-AjAnu
041 0 _hara
100 1 _aابو الشعر، هند غسان توفيق
_eمعد
_965152
245 1 0 _aاوراق عبدالله بن الحسين تشكيلات وزارة الخارجية الاردنية في المملكة الاردنية الهاشمية 1946-1951م، المجلد الرابع والثلاثون /
_cاعداد هند غسان توفيق ابو الشعر ؛ اشراف محمد عدنان البخيت
250 _aالطبعة الاولى
260 _aعمان :
_bمؤتمر بلاد الشام،
_c2023
300 _a276 صفحة
490 _aالوثائق الهاشمية
500 _aيحتوي على كشافات
504 _aالمجلد الرابع والثلاثون
650 7 0 _aالتشكيلات الادارية - الادارات الحكومية - الموظفون الحكوميون - الشؤون الخارجية - الادارات العامة - الاردن
_965158
700 1 _aالبخيت، محمد عدنان سلامة
_eمشرف
_965157
942 _2lcc
_cREF
_n0
999 _c33362
_d33362